000 00447cam a2200193ua 4500
001 3392
005 20260515113654.0
008 111021n ii |||gr||||Z||||||asm
040 _cMAIN
082 _a891.4513
100 1 _aAnnarai, Mirji,
245 1 1 _aNisarga
_cby Mirji Annarai
250 _a1st.
260 _aNew Delhi:
_bNational book trust,992.
300 _a245p:
_c23cm.
653 _aAssamese novel
653 _aNisarga
942 _cBK
999 _c3234
_d3234